header

Implementing IBM Tivoli Remote Control across firewalls (Record no. 211145)

MARC details
000 -LEADER
fixed length control field 01638nam a2200373Ia 4500
082 04 - DEWEY DECIMAL CLASSIFICATION NUMBER
Classification number 004.6
245 00 - TITLE STATEMENT
Title Implementing IBM Tivoli Remote Control across firewalls
250 ## - EDITION STATEMENT
Edition statement 1st ed.
260 ## - PUBLICATION, DISTRIBUTION, ETC. (IMPRINT)
Place of publication Austin, TX :
Name of publisher IBM, International Technical Support Organization,
Year of publication c2003.
300 ## - PHYSICAL DESCRIPTION
Number of Pages xviii, 204 p. :
Other physical details ill.
490 1# - SERIES STATEMENT
Series statement IBM redbooks
500 ## - GENERAL NOTE
General note "This edition applies to the following products: IBM Tivoli Remote Control 3.8, IBM Tivoli Management Framework 4.1, and Tivoli Firewall Security Toolbox 1.3"--verso t.p.
General note "April 2003."
General note "SG24-6944-00."
650 #0 - SUBJECT ADDED ENTRY--TOPICAL TERM
Topical Term Computer networks
Topical Term Firewalls (Computer security)
700 1# - ADDED ENTRY--PERSONAL NAME
Personal name Manoel, Edson.
856 40 - ELECTRONIC LOCATION AND ACCESS
Uniform Resource Identifier http://site.ebrary.com/lib/rucke/Doc?id=10112665

No items available.

© 2026 Rongo University
Contact us: librarian | system librarian | Rongo university